| 000 | 01078nam a2200337 a 4500 | ||
|---|---|---|---|
| 001 | 58880 | ||
| 003 | CO-BoRNBP | ||
| 005 | 20250828202128.0 | ||
| 007 | ta | ||
| 008 | 100723s2010 ck a gr 00010dspa d | ||
| 020 | _a9789583034343 | ||
| 040 |
_aCO-BoBLA _bspa _cCO-BoBLA |
||
| 041 | 0 | _aspa | |
| 082 | 0 | 4 |
_aI863.6 _bA26s _221 |
| 100 | 1 |
_aAcosta, Patricia. _9373 |
|
| 245 | 1 | 0 |
_aSe va el caimán / _cPatricia Acosta. |
| 250 | _aEditora Mireya Fonseca Leal. | ||
| 300 |
_a39 p. : _bil. ; _c17 x 23 cm. |
||
| 336 |
_2rdacontent _atexto _btxt |
||
| 337 |
_2rdamedia _asin mediación _bn |
||
| 338 |
_2rdacarrier _avolumen _bnc |
||
| 650 | 7 |
_aCuentos infantiles colombianos. _2BLAAUTO |
|
| 650 | 7 |
_aRimas infantiles colombianas. _2BLAAUTO _964286 |
|
| 650 | 7 |
_aJuegos de palabras. _2BLAAUTO _9962 |
|
| 650 | 7 |
_aLibros ilustrados para niños. _2BLAAUTO _92001 |
|
| 700 | 1 | 2 |
_aFonseca Leal, Mireya, _eed. _963158 |
| 830 | 0 | _aPrograma de catalogación en la publicación | |
| 830 | 0 |
_aDe cero a siempre. _pLeer es mi cuento _961948 |
|
| 942 |
_2ddc _cBK |
||
| 949 |
_an _bn |
||
| 999 |
_c58880 _d58880 |
||